banner-ar

النظام العثمانى: الهجرة اليهودية إلى فلسطين 1492 - 1952 / (Record no. 43753)

MARC details
000 -الفاتح
حقل البيانات ثابتة الطول 00542nam a2200181Ia 4500
008 - عناصر البيانات ثابتة الطول - معلومات عامة
حقل البيانات ثابتة الطول 140319s9999 xx 000 0 ara d
040 ## - مصدر الفهرسة
وكالة الفهرسة الأصلية GCL /
وكالة النسخ GCL
082 04 - رقم تصنيف ديوى العشرى
رقم التصنيف 956.903
رقم المادة م ن
100 1# - المدخل الرئيسى - إسم شخصى
الإسم الشخصى محمد سرحان
245 10 - بيان العنوان
العنوان النظام العثمانى: الهجرة اليهودية إلى فلسطين 1492 - 1952 /
بيان المسئوليه,etc محمد سرحان
300 ## - الوصف المادى
التعداد 128
490 ## - بيان السلسلة
عنوان السلسلة 100 قصة
رقم المجلد/ التعيين التسلسلي 0
650 04 - المدخل الاضافى بالموضوع-مصطلح موضوعى
مصطلح موضوعي اليهودية
650 04 - المدخل الاضافى بالموضوع-مصطلح موضوعى
مصطلح موضوعي الصهيونية
650 04 - المدخل الاضافى بالموضوع-مصطلح موضوعى
مصطلح موضوعي اليهودية والدولة
942 ## - عناصر المدخل الإضافي( كوها)
مصدر التصنيف او مخطط الترفيف Dewey Decimal Classification
Koha [default] item type كتاب
Holdings
حالة التراجع حالة الفقد حالة تلف ليس للاعارة المكان المؤقت الموقع الحالى تاريخ الاكتساب اجمالي اﻻعارات رقم الطلب الباركود تاريخ اخر مشاهدة تاريخ تفعيل السعر نوع وعاء كوها
        مكتبة القاهرة الكبرى مكتبة القاهرة الكبرى 03/26/2014   956.903\م ن 106051 03/26/2014 03/26/2014 كتاب
        مكتبة القاهرة الكبرى مكتبة القاهرة الكبرى 03/26/2014   956.903\م ن 106052 03/26/2014 03/26/2014 كتاب
        مكتبة القاهرة الكبرى مكتبة القاهرة الكبرى 03/26/2014   956.903\م ن 106053 03/26/2014 03/26/2014 كتاب
        مكتبة القاهرة الكبرى مكتبة القاهرة الكبرى 03/26/2014   956.903\م ن 106054 03/26/2014 03/26/2014 كتاب
        مكتبة القاهرة الكبرى مكتبة القاهرة الكبرى 03/26/2014   956.903\م ن 106055 03/26/2014 03/26/2014 كتاب

Powered By

EGPV